ბათუმის შოთა რუსთაველის სახელმწიფო უნივერსიტეტის ბიბლიოთეკა

ინვესტიციების თეორიული გენეზისი (ბიბ.ჩანაწერი № 36645)

000 -LEADER
fixed length control field 00746nam a2200229Ia 4500
001 - CONTROL NUMBER
control field 2565
003 - CONTROL NUMBER IDENTIFIER
control field GE_BSU
008 - FIXED-LENGTH DATA ELEMENTS--GENERAL INFORMATION
fixed length control field 181216s||||||||xx |||||||||||||| ||und||
020 ## - INTERNATIONAL STANDARD BOOK NUMBER
International Standard Book Number 9789994061266
040 ## - CATALOGING SOURCE
Transcribing agency GE_BSU
080 ## - UNIVERSAL DECIMAL CLASSIFICATION NUMBER
Universal Decimal Classification number 330.322.01
100 ## - MAIN ENTRY--PERSONAL NAME
Personal name ქოქიაური, ლამარა.
245 ## - TITLE STATEMENT
Title ინვესტიციების თეორიული გენეზისი
245 ## - TITLE STATEMENT
Statement of responsibility, etc. მეცნ–რედ.ლეო ჩიქავა
260 ## - PUBLICATION, DISTRIBUTION, ETC.
Place of publication, distribution, etc. თბილისი
260 ## - PUBLICATION, DISTRIBUTION, ETC.
Name of publisher, distributor, etc. უნივერსალი
260 ## - PUBLICATION, DISTRIBUTION, ETC.
Date of publication, distribution, etc. 2007
300 ## - PHYSICAL DESCRIPTION
Extent 945 გვ
653 ## - INDEX TERM--UNCONTROLLED
Uncontrolled term ინვესტიციების თეორიული გენეზისი
942 ## - ADDED ENTRY ELEMENTS (KOHA)
Koha item type წიგნი
ეგზემპლარები
Withdrawn status Lost status Damaged status Not for loan Date acquired Barcode Date last seen Price effective from Koha item type
        2018-12-17 1844 2018-12-17 2018-12-17 წიგნი